[Event "Kostic mem"]
[Site "?"]
[Date "1977.??.??"]
[Round "12"]
[White "Janosevic Dragoljub"]
[Black "Matanovic Aleksandar"]
[Result "1/2-1/2"]
[WhiteElo "2435"]
[BlackElo "2505"]
[PlyCount "76"]
[EventDate "1977.??.??"]
[Source "www.chesslib.no"]
[SourceDate "2004.05.04"]

1. e4 e5 2. Nf3 Nc6 3. Bb5 a6 4. Ba4 Nf6 5. O-O Be7 6. Re1 b5 7. Bb3 d6 8. c3 O-O 9. h3 Na5 10. Bc2 c5 11. d4 Qc7 12. Nbd2 Nc6 13. d5 Nd8 14. a4 Rb8 15. axb5 axb5 16. b4 c4 17. Nf1 Ne8 18. Ng3 g6 19. Bh6 Ng7 20. Nh2 f6 21. Ng4 Nf7 22. Qd2 Bxg4 23. hxg4 Ra8 24. Be3 Qb7 25. Ne2 Rxa1 26. Rxa1 Ra8 27. Qc1 Bd8 28. g3 Ra6 29. Kg2 Qa8 30. Rxa6 Qxa6 31. Ng1 Ne8 32. Nf3 g5 33. Nd2 Bb6 34. Bxb6 Qxb6 35. Qa3 Nc7 36. Nb1 Nd8 37. Nd2 Qa6 38. Qxa6 Nxa6 1/2-1/2

[Event "Balkaniad (Men)"]
[Site "Baile Herculane"]
[Date "1978.10.??"]
[Round "1"]
[White "Ciocaltea, Viktor"]
[Black "Tringov, Georgi P"]
[Result "1/2-1/2"]
[WhiteElo "2455"]
[BlackElo "2480"]
[PlyCount "60"]
[EventDate "1978.10.02"]
[Source "www.chesslib.no"]
[SourceDate "2004.05.04"]

1. e4 e5 2. Nf3 Nc6 3. Bb5 a6 4. Ba4 Nf6 5. O-O Be7 6. Re1 b5 7. Bb3 d6 8. c3 O-O 9. h3 Na5 10. Bc2 c5 11. d4 Qc7 12. Nbd2 Nc6 13. d5 Nd8 14. Nf1 Ne8 15. g4 g6 16. Ng3 Ng7 17. Bh6 f6 18. Kh2 Nf7 19. Bd2 Ng5 20. Nxg5 fxg5 21. Kg2 Bd7 22. a4 Qb7 23. axb5 axb5 24. Qe2 Rxa1 25. Rxa1 Ra8 26. Qd1 Ne8 27. Nf1 h6 28. Be3 Nf6 29. f3 Nh7 30. Nd2 Bd8 1/2-1/2

[Event "Open"]
[Site "?"]
[Date "2005.06.04"]
[Round "11"]
[White "Hasangatin Ramil"]
[Black "Belikov Vladimir"]
[Result "1/2-1/2"]
[WhiteElo "2416"]
[BlackElo "2517"]
[PlyCount "28"]
[EventDate "2005.??.??"]
[Source "www.chesslib.no"]
[SourceDate "2004.05.04"]

1. e4 e5 2. Nf3 Nc6 3. Bb5 a6 4. Ba4 Nf6 5. O-O Be7 6. Re1 b5 7. Bb3 d6 8. c3 O-O 9. h3 Na5 10. Bc2 c5 11. d4 Qc7 12. Nbd2 Nc6 13. d5 Nb8 14. Nf1 Nbd7 1/2-1/2

[Event "Odzaci"]
[Site "?"]
[Date "1978.??.??"]
[Round "13.6"]
[White "Matulovic Milan"]
[Black "Govedarica Radovan"]
[Result "1-0"]
[WhiteElo "2525"]
[BlackElo "2405"]
[PlyCount "119"]
[EventDate "1978.??.??"]
[Source "www.chesslib.no"]
[SourceDate "2004.05.04"]

1. e4 e5 2. Nf3 Nc6 3. Bb5 a6 4. Ba4 Nf6 5. O-O Be7 6. Re1 b5 7. Bb3 d6 8. c3 O-O 9. h3 Na5 10. Bc2 c5 11. d4 Qc7 12. Nbd2 Nc6 13. d5 Nd8 14. a4 Bb7 15. Nf1 Nd7 16. g4 Nb6 17. Ng3 g6 18. Bh6 Re8 19. a5 Nd7 20. b4 c4 21. Qd2 Bf8 22. Be3 f6 23. Kg2 Bg7 24. Rh1 Nf7 25. Rag1 Kh8 26. Kf1 Rg8 27. Ke2 Raf8 28. Kd1 Bc8 29. Kc1 Nb8 30. Kb2 Bd7 31. Nh2 Qc8 32. h4 Re8 33. f3 Nd8 34. Nhf1 Rgf8 35. Rg2 Kg8 36. g5 f5 37. exf5 gxf5 38. Nh5 f4 39. Ba7 Bf5 40. Bxb8 Qxb8 41. Bxf5 Rxf5 42. Qc2 Qc8 43. Nd2 Ref8 44. Ne4 Nb7 45. Qd1 Kh8 46. Rhg1 Qa8 47. Rh1 Qa7 48. Qg1 Qxg1 49. Rhxg1 Rd8 50. Kc2 Rd7 51. Kd2 Rd8 52. Ke2 Rd7 53. Rg4 Rf8 54. Kf2 Rf5 55. Kg2 Rf8 56. Kh3 Rdd8 57. R4g2 Rd7 58. Nxg7 Kxg7 59. h5 Re7 60. Kg4 1-0

[Event "11.FS-olm Vor"]
[Site "?"]
[Date "1990.??.??"]
[Round "?"]
[White "Groiss, W."]
[Black "Wright, J."]
[Result "1-0"]
[WhiteElo "2445"]
[BlackElo "2485"]
[PlyCount "91"]
[EventDate "1990.??.??"]
[Source "www.chesslib.no"]
[SourceDate "2004.05.04"]

1. e4 e5 2. Nf3 Nc6 3. Bb5 a6 4. Ba4 Nf6 5. O-O Be7 6. Re1 b5 7. Bb3 d6 8. c3 O-O 9. h3 Na5 10. Bc2 c5 11. d4 Qc7 12. Nbd2 Nc6 13. d5 Nd8 14. a4 Rb8 15. b4 Nb7 16. Nf1 Bd7 17. Bd2 Rfc8 18. Bd3 c4 19. Bc2 Ra8 20. a5 Ne8 21. Kh2 g6 22. g4 Ng7 23. Ng3 f6 24. Rg1 Nd8 25. Qe2 Nf7 26. Rg2 Kh8 27. Rag1 Rg8 28. Be3 Rae8 29. Kh1 Qc8 30. Nh4 Bd8 31. Qd1 Rgf8 32. Nhf5 gxf5 33. gxf5 Rg8 34. Nh5 Nxh5 35. Qxh5 Rxg2 36. Rxg2 Rf8 37. Qg4 Ng5 38. h4 Be7 39. hxg5 fxg5 40. Bxg5 Rg8 41. Bxe7 Rxg4 42. Rxg4 h5 43. Bf6+ Kh7 44. Rg5 Qe8 45. Bd1 Kh6 46. Rxh5+ 1-0

[Event "Nis"]
[Site "Nis"]
[Date "1981.??.??"]
[Round "10"]
[White "Tringov, Georgi P"]
[Black "Nikolic, Zivoslav"]
[Result "1/2-1/2"]
[WhiteElo "2470"]
[BlackElo "2460"]
[PlyCount "43"]
[EventDate "1981.10.??"]
[Source "ChessBase"]

1. e4 e5 2. Nf3 Nc6 3. Bb5 a6 4. Ba4 Nf6 5. O-O Be7 6. Re1 b5 7. Bb3 d6 8. c3 O-O 9. h3 Na5 10. Bc2 c5 11. d4 Qc7 12. Nbd2 Nc6 13. d5 Nd8 14. Nf1 Ne8 15. g4 g6 16. Ng3 f6 17. Kh2 Nf7 18. Rg1 Kh8 19. a4 Rb8 20. axb5 axb5 21. Be3 b4 22. c4 1/2-1/2

[Event "Skopje ol (Men)"]
[Site "Skopje MKD"]
[Date "1972.??.??"]
[Round "1"]
[White "Browne, Walter S"]
[Black "Cuellar Gacharna, Miguel"]
[Result "1-0"]
[WhiteElo "2530"]
[BlackElo "2395"]
[PlyCount "139"]
[EventDate "1972.09.??"]
[Source "www.chesslib.no"]
[SourceDate "2004.05.04"]

1. e4 e5 2. Nf3 Nc6 3. Bb5 a6 4. Ba4 Nf6 5. O-O Be7 6. Re1 b5 7. Bb3 d6 8. c3 O-O 9. h3 Na5 10. Bc2 c5 11. d4 Qc7 12. Nbd2 Nc6 13. dxc5 dxc5 14. Nf1 Be6 15. Ne3 Rad8 16. Qe2 c4 17. Nf5 Rfe8 18. N3h4 Kh8 19. Nxe7 Nxe7 20. Bg5 Nd7 21. a4 Nc5 22. axb5 axb5 23. Red1 Ra8 24. Rxa8 Rxa8 25. Nf5 f6 26. Be3 Nxf5 27. exf5 Bg8 28. Bxc5 Qxc5 29. Be4 Rb8 30. Rd7 b4 31. Qg4 Qf8 32. h4 bxc3 33. bxc3 Rd8 34. Ra7 Bf7 35. Kh2 Bg8 36. Qg3 Qd6 37. Qe3 h6 38. Rb7 Rd7 39. Rb6 Qd2 40. Rb8 Kh7 41. Qxd2 Rxd2 42. Rf8 Rd7 43. Rc8 Ra7 44. g4 Rd7 45. Kg3 Rd1 46. Rf8 Rd2 47. Kg2 Bd5 48. Bxd5 Rxd5 49. Rc8 h5 50. Rxc4 hxg4 51. Rxg4 Rc5 52. c4 Kh6 53. f3 e4 54. Rxe4 Rxf5 55. Kf2 Ra5 56. Re2 Kh5 57. Kg3 g5 58. hxg5 Kxg5 59. Rc2 Rc5 60. Rc3 Kf5 61. Kf2 Kf4 62. Ke2 f5 63. Kd3 Ke5 64. Ke3 Kd6 65. Kd4 Rc8 66. Ra3 Rh8 67. Ra6+ Kc7 68. Ke5 f4 69. Rf6 Rh5+ 70. Rf5 1-0

[Event "WchT U26 17th"]
[Site "Graz"]
[Date "1972.??.??"]
[Round "4"]
[White "Balashov, Yuri S"]
[Black "Hernandez, Roman"]
[Result "1/2-1/2"]
[WhiteElo "2560"]
[BlackElo "2360"]
[PlyCount "131"]
[EventDate "1972.07.15"]
[Source "ChessBase"]

1. e4 e5 2. Nf3 Nc6 3. Bb5 a6 4. Ba4 Nf6 5. O-O Be7 6. Re1 b5 7. Bb3 d6 8. c3 O-O 9. h3 Na5 10. Bc2 c5 11. d4 Qc7 12. Nbd2 Nc6 13. d5 Nd8 14. a4 Rb8 15. b4 c4 16. Nf1 Ne8 17. g4 g6 18. Ng3 Ng7 19. Kh2 Bd7 20. Rg1 f6 21. Be3 Nf7 22. Qd2 Kh8 23. a5 Rg8 24. Rg2 Rbf8 25. Rh1 Qc8 26. Bb1 Bd8 27. Qc2 Ng5 28. Nh4 f5 29. exf5 gxf5 30. f4 exf4 31. Bxf4 Rf7 32. Rf1 Qb7 33. gxf5 Qxd5 34. Rd2 Qb7 35. Rxd6 Bc7 36. Qd2 Qb8 37. Rh6 N7e6 38. Bxc7 Qxc7 39. Rg1 Nf4 40. Qd6 Qxd6 41. Rxd6 Ngxh3 42. Rf1 Bc8 43. Rd4 Rfg7 44. Rf3 Rg4 45. Ng2 Nxg2 46. Rxg4 Rxg4 47. Kxh3 Rf4 48. Be4 Rxf3 49. Bxf3 Ne3 50. Kh4 h6 51. f6 Kg8 52. Ne4 Nf5+ 53. Kh5 Bb7 54. Kg4 Ne3+ 55. Kf4 Nd5+ 56. Kg3 Ne3 57. Kf2 Bxe4 58. Bxe4 Nd1+ 59. Ke1 Nxc3 60. Bb7 Na2 61. Kd2 Kf7 62. Kc2 Kxf6 63. Kb2 Nxb4 64. Kc3 Na2+ 65. Kb2 Nb4 66. Kc3 1/2-1/2

[Event "Vrnjacka Banja YUG"]
[Site "Vrnjacka Banja YUG"]
[Date "1983.??.??"]
[Round "?"]
[White "De Firmian, Nick E"]
[Black "Nikolic, Zivoslav"]
[Result "1/2-1/2"]
[WhiteElo "2475"]
[BlackElo "2445"]
[PlyCount "45"]
[EventDate "1983.??.??"]
[Source "www.chesslib.no"]
[SourceDate "2004.05.04"]

1. e4 Nc6 2. Nf3 e5 3. Bb5 a6 4. Ba4 Nf6 5. O-O Be7 6. Re1 b5 7. Bb3 d6 8. c3 O-O 9. h3 Na5 10. Bc2 c5 11. d4 Qc7 12. Nbd2 Nc6 13. dxc5 Qb6 14. Nb1 Bd8 15. Kh1 Be7 16. Rg1 dxc5 17. a3 Qb8 18. Nd4 Be6 19. Nf3 Bd5 20. Bh6 Na7 21. Bd3 Nc6 22. Ra2 Ne8 23. Bd2 1/2-1/2

[Event "Vrnjacka Banja"]
[Site "Vrnjacka Banja"]
[Date "1983.??.??"]
[Round "10"]
[White "De Firmian, Nick E"]
[Black "Nikolic, Zivoslav"]
[Result "1/2-1/2"]
[WhiteElo "2475"]
[BlackElo "2445"]
[PlyCount "45"]
[EventDate "1983.04.??"]
[Source "ChessBase"]

1. e4 Nc6 2. Nf3 e5 3. Bb5 a6 4. Ba4 Nf6 5. O-O Be7 6. Re1 b5 7. Bb3 d6 8. c3 O-O 9. h3 Na5 10. Bc2 c5 11. d4 Qc7 12. Nbd2 Nc6 13. d5 Nd8 14. Nf1 Ne8 15. g4 f6 16. Ng3 g6 17. a4 Qb7 18. Nh2 Nf7 19. f4 exf4 20. Bxf4 Bd7 21. axb5 axb5 22. Rb1 Ng7 23. Nf3 1/2-1/2

[Event "Noviki-A"]
[Site "Budapest"]
[Date "1987.??.??"]
[Round "?"]
[White "Kindermann, Stefan"]
[Black "Lengyel, Bela"]
[Result "1-0"]
[WhiteElo "2490"]
[BlackElo "2425"]
[PlyCount "117"]
[EventDate "1987.09.??"]
[Source "ChessBase"]

1. e4 e5 2. Nf3 Nc6 3. Bb5 a6 4. Ba4 Nf6 5. O-O Be7 6. Re1 b5 7. Bb3 d6 8. c3 O-O 9. h3 Na5 10. Bc2 c5 11. d4 Qc7 12. Nbd2 Nc6 13. d5 Na5 14. b4 cxb4 15. cxb4 Nc4 16. Nxc4 Qxc4 17. a3 Bd7 18. Nd2 Qc3 19. Nb3 Rfc8 20. Bd3 Qc7 21. Be3 Qd8 22. Qd2 Nh5 23. Rac1 Nf4 24. Bf1 g5 25. Kh2 Qf8 26. Na5 f6 27. Nc6 Bd8 28. Rc3 Qe8 29. Rec1 h6 30. Qd1 f5 31. exf5 Bxf5 32. g3 Ng6 33. Be2 Bf6 34. Bg4 Qd7 35. Qf3 Bxg4 36. hxg4 Rf8 37. Qe4 Qf7 38. Bb6 Rae8 39. Rf3 Qh7 40. Rf5 Qb7 41. Ba5 Rc8 42. Rc3 Kg7 43. Rcf3 Qd7 44. Rc3 Rf7 45. Rc2 Rh8 46. Kg2 h5 47. gxh5 Rxh5 48. Kg1 Rh8 49. Bb6 Qe8 50. Be3 Rh5 51. Nd4 Ne7 52. Ne6+ Kh8 53. Rf3 Ng8 54. g4 Rh6 55. Nxg5 Bxg5 56. Bxg5 Rxf3 57. Qxf3 Qg6 58. Bxh6 Qxc2 59. Bf8 1-0

[Event "Rubinstein mem"]
[Site "Polanica Zdroj"]
[Date "1983.??.??"]
[Round "4"]
[White "Lukov, Valentin"]
[Black "Hernandez, Roman"]
[Result "1/2-1/2"]
[WhiteElo "2465"]
[BlackElo "2450"]
[PlyCount "120"]
[EventDate "1983.08.??"]
[Source "ChessBase"]

1. e4 e5 2. Nf3 Nc6 3. Bb5 a6 4. Ba4 Nf6 5. O-O Be7 6. Re1 b5 7. Bb3 d6 8. c3 O-O 9. h3 Na5 10. Bc2 c5 11. d4 Qc7 12. Nbd2 Nc6 13. d5 Nd8 14. a4 Rb8 15. axb5 axb5 16. b4 c4 17. Nf1 Ne8 18. N3h2 f5 19. exf5 Bxf5 20. Bxf5 Rxf5 21. Ng3 Rf8 22. Ng4 Bh4 23. Ne4 Nf7 24. Be3 Qc8 25. Re2 h5 26. Nh2 Qf5 27. Nf3 Bd8 28. Qc2 Nc7 29. Rd2 Be7 30. Ra7 Rfc8 31. Ne1 Ra8 32. Ng3 Qxc2 33. Nxc2 Rxa7 34. Bxa7 Ra8 35. Bb6 Bd8 36. Ba5 Ne8 37. Bxd8 Nxd8 38. Nxh5 Ra2 39. Kf1 Nc7 40. Ng3 Nf7 41. Ne4 Nxd5 42. Rxd5 Rxc2 43. Rxb5 Kf8 44. Ke1 Ke7 45. Kd1 Ra2 46. Nd2 Kd7 47. Ra5 Rxa5 48. bxa5 d5 49. a6 Kc6 50. Nf1 Nd6 51. Ne3 d4 52. Ng4 Nf7 53. f4 exf4 54. cxd4 Kb6 55. Ne5 Nd6 56. Ng6 f3 57. gxf3 Nf5 58. Ne5 Kxa6 59. Kd2 Kb5 60. Kc3 Ne3 1/2-1/2

[Event "JUG-chT"]
[Site "Herceg Novi"]
[Date "2001.05.??"]
[Round "8"]
[White "Popovic, Petar"]
[Black "Lekic, Dusan"]
[Result "1-0"]
[WhiteElo "2518"]
[BlackElo "2393"]
[PlyCount "84"]
[EventDate "2001.05.??"]
[Source "ChessBase"]
[SourceDate "2001.07.03"]

1. e4 e5 2. Nf3 Nc6 3. Bb5 a6 4. Ba4 Nf6 5. O-O Be7 6. Re1 b5 7. Bb3 d6 8. c3 O-O 9. h3 Na5 10. Bc2 c5 11. d4 Qc7 12. Nbd2 Nc6 13. d5 Nd8 14. Nf1 Ne8 15. N3h2 f6 16. a4 Rb8 17. b4 c4 18. Ng3 g6 19. Ng4 Nf7 20. Nh6+ Nxh6 21. Bxh6 Ng7 22. Qd2 Bd7 23. Kh1 Rf7 24. f4 Bf8 25. f5 a5 26. bxa5 Ra8 27. axb5 Rxa5 28. Ba4 Bxb5 29. Bxb5 Rxb5 30. Ra4 Qc8 31. Rea1 Rc7 32. Kh2 Rb3 33. Ra8 Rb8 34. Rxb8 Qxb8 35. Ra4 Qb1 36. Ra8 Qd3 37. Qf2 Rf7 38. Qb6 Qxc3 39. Qxd6 Qe1 40. Rc8 c3 41. Qc6 Qa1 42. Qc4 Qa3 1-0

[Event "Santa Clara"]
[Site "Santa Clara CUB"]
[Date "1990.??.??"]
[Round "4"]
[White "Herrera, Irisberto"]
[Black "Borges Mateos, Juan"]
[Result "1/2-1/2"]
[WhiteElo "2410"]
[BlackElo "2500"]
[PlyCount "96"]
[EventDate "1990.02.??"]
[Source "www.chesslib.no"]
[SourceDate "2004.05.04"]

1. e4 e5 2. Nf3 Nc6 3. Bb5 a6 4. Ba4 Nf6 5. O-O b5 6. Bb3 Be7 7. Re1 d6 8. c3 O-O 9. h3 Na5 10. Bc2 c5 11. d4 Qc7 12. Nbd2 Nc6 13. d5 Nd8 14. c4 g6 15. b3 Bd7 16. Nh2 Nh5 17. Ndf1 f6 18. g4 Ng7 19. Ng3 Nf7 20. Be3 Rfb8 21. Nhf1 Qc8 22. Nd2 Rb7 23. Kh2 Bd8 24. Rg1 Ba5 25. Ne2 Qd8 26. Bd3 g5 27. Nf1 Nh8 28. Nfg3 Ng6 29. Nf5 Be8 30. Qc2 h5 31. f3 h4 32. Bc1 Rab8 33. Ba3 Kh7 34. Rgc1 Bf7 35. Nxg7 Kxg7 36. Bb2 Be8 37. Rab1 Bb4 38. Ra1 Bd7 39. Qd1 Ba5 40. Qc2 Bb4 41. Kg2 Be8 42. Rcb1 Ba5 43. Qd1 Nf8 44. Bc1 Bc7 45. Be3 Nd7 46. Nc3 Ba5 47. Ne2 Bc7 48. Nc3 Qc8 1/2-1/2

[Event "Guillermo Garcia Premier II"]
[Site "Santa Clara"]
[Date "2000.06.03"]
[Round "9"]
[White "Dominguez, Lenier"]
[Black "Hernandez, Roman"]
[Result "1-0"]
[WhiteElo "2508"]
[BlackElo "2402"]
[PlyCount "77"]
[EventDate "2000.05.24"]
[Source "ChessBase"]
[SourceDate "2000.10.18"]

1. e4 e5 2. Nf3 Nc6 3. Bb5 a6 4. Ba4 Nf6 5. O-O Be7 6. Re1 b5 7. Bb3 d6 8. c3 O-O 9. h3 Na5 10. Bc2 c5 11. d4 Qc7 12. Nbd2 Nc6 13. d5 Nd8 14. a4 Rb8 15. axb5 axb5 16. b4 c4 17. Nf1 Ne8 18. Ng3 g6 19. Nh2 Ng7 20. Rf1 f6 21. f4 Nf7 22. f5 g5 23. h4 gxh4 24. Nh5 Nxh5 25. Qxh5 Bd8 26. Ng4 Kh8 27. Qxh4 Qe7 28. Be3 Rg8 29. Ra7 Bb7 30. Rfa1 Rg7 31. Kf1 Kg8 32. R1a5 Bxa5 33. Nxf6+ Kh8 34. bxa5 Ra8 35. Rxa8+ Bxa8 36. a6 Qd8 37. g4 Qa5 38. Nh5 Qa1+ 39. Kf2 1-0

[Event "6th Gibtelecom Masters"]
[Site "Gibraltar ENG"]
[Date "2008.01.22"]
[Round "1"]
[White "Zozulia, A."]
[Black "Jones, G."]
[Result "0-1"]
[WhiteElo "2344"]
[BlackElo "2562"]
[PlyCount "122"]
[EventDate "2008.01.22"]
[Source "www.chesslib.no"]
[SourceDate "2004.05.04"]

1. e4 e5 2. Nf3 Nc6 3. Bb5 a6 4. Ba4 Nf6 5. O-O Be7 6. Re1 b5 7. Bb3 d6 8. c3 O-O 9. h3 Na5 10. Bc2 c5 11. d4 Qc7 12. Nbd2 Nc6 13. a3 Bd7 14. d5 Nd8 15. Nf1 Ne8 16. a4 Rb8 17. axb5 axb5 18. Be3 f6 19. Ra2 Nf7 20. Qa1 g6 21. N3d2 f5 22. f3 f4 23. Bf2 Nf6 24. Ra7 Rb7 25. Ra8 g5 26. Qa2 Rxa8 27. Qxa8+ Rb8 28. Qa2 h5 29. Nh2 Nh6 30. Ra1 g4 31. hxg4 hxg4 32. fxg4 Nfxg4 33. Nxg4 Nxg4 34. Nf3 Kf7 35. Qa7 Qc8 36. Ra6 Nxf2 37. Kxf2 c4 38. b4 cxb3 39. Bxb3 Kf8 40. Ke2 Be8 41. Kd3 Rb7 42. Qa8 Qd7 43. Nd2 Rc7 44. Bd1 Kg7 45. Nf3 Bd8 46. Qb8 Bg6 47. Ra8 Bxe4+ 48. Kd2 Bxd5 49. Qxd8 Bxa8 50. Qxa8 b4 51. Bb3 bxc3+ 52. Kc1 Rc8 53. Qd5 Qe7 54. Ng5 Qa7 55. Qf7+ Qxf7 56. Nxf7 Rb8 57. Bc4 Rb2 58. Nxd6 Rxg2 59. Ne4 f3 60. Nd6 Kg6 61. Bd5 Rg1+ 0-1

[Event "Noviki-A"]
[Site "Budapest"]
[Date "1987.??.??"]
[Round "?"]
[White "Tischbierek, Raj"]
[Black "Lengyel, Bela"]
[Result "1-0"]
[WhiteElo "2480"]
[BlackElo "2425"]
[PlyCount "53"]
[EventDate "1987.09.??"]
[Source "ChessBase"]

1. e4 e5 2. Nf3 Nc6 3. Bb5 a6 4. Ba4 Nf6 5. O-O Be7 6. Re1 b5 7. Bb3 d6 8. c3 O-O 9. h3 Na5 10. Bc2 c5 11. d4 Qc7 12. Nbd2 Nc6 13. d5 Na5 14. b3 Bd7 15. Nf1 Nb7 16. c4 Rfb8 17. Ng3 g6 18. Nh2 Ne8 19. Ng4 Nd8 20. Nh6+ Kh8 21. f4 exf4 22. Nh5 f6 23. Nxf4 Bf8 24. e5 dxe5 25. Nxg6+ hxg6 26. Bxg6 Bxh6 27. Bxh6 1-0

[Event "Vrnjacka Banja"]
[Site "Vrnjacka Banja"]
[Date "1982.??.??"]
[Round "1"]
[White "Jansa, Vlastimil"]
[Black "Nikolic, Zivoslav"]
[Result "1/2-1/2"]
[WhiteElo "2475"]
[BlackElo "2430"]
[PlyCount "81"]
[EventDate "1982.04.??"]
[Source "ChessBase"]

1. e4 e5 2. Nf3 Nc6 3. Bb5 a6 4. Ba4 Nf6 5. O-O Be7 6. Re1 b5 7. Bb3 d6 8. c3 O-O 9. h3 Na5 10. Bc2 c5 11. d4 Qc7 12. Nbd2 Nc6 13. d5 Nd8 14. a4 Qb7 15. Nf1 Ne8 16. N3h2 f6 17. Ng3 g6 18. f4 exf4 19. Bxf4 Nf7 20. Nf3 Bd7 21. axb5 axb5 22. Rxa8 Qxa8 23. b4 c4 24. Be3 Ng7 25. Rf1 Qa3 26. Ne2 Ra8 27. Qd2 Qb2 28. Rb1 Ra1 29. Rxa1 Qxa1+ 30. Kh2 Ne5 31. Ned4 Qa8 32. Bd1 Nf7 33. Ng1 Ne5 34. Ngf3 Nf7 35. Be2 Qe8 36. Qa2 Bf8 37. Qa7 Qxe4 38. Qxd7 Qxe3 39. Qxb5 Ne5 40. Bxc4 Qxc3 41. Be2 1/2-1/2

[Event "BIH-chT"]
[Site "Neum"]
[Date "2002.06.07"]
[Round "8.2"]
[White "Savic, Miodrag R"]
[Black "Savanovic, Aleksandar"]
[Result "1/2-1/2"]
[WhiteElo "2498"]
[BlackElo "2404"]
[PlyCount "53"]
[EventDate "2002.06.02"]
[Source "ChessBase"]
[SourceDate "2002.09.20"]

1. e4 e5 2. Nf3 Nc6 3. Bb5 a6 4. Ba4 Nf6 5. O-O Be7 6. Re1 b5 7. Bb3 d6 8. c3 O-O 9. h3 Na5 10. Bc2 c5 11. d4 Qc7 12. Nbd2 Nc6 13. d5 Nd8 14. Nf1 Ne8 15. a4 Rb8 16. axb5 axb5 17. g4 g6 18. Ng3 Ng7 19. Kh2 f6 20. Rg1 Nf7 21. Be3 Bd7 22. Rg2 Ra8 23. Rb1 Kh8 24. Qe2 Rg8 25. Rbg1 Raf8 26. Nd2 Qc8 27. f3 1/2-1/2

[Event "CAN-ch/zt"]
[Site "Toronto"]
[Date "1978.??.??"]
[Round "11"]
[White "Spraggett, Kevin"]
[Black "Biyiasas, Peter"]
[Result "1/2-1/2"]
[WhiteElo "2450"]
[BlackElo "2450"]
[PlyCount "83"]
[EventDate "1978.08.??"]
[Source "ChessBase"]

1. e4 e5 2. Nf3 Nc6 3. Bb5 a6 4. Ba4 Nf6 5. O-O Be7 6. Re1 b5 7. Bb3 d6 8. c3 O-O 9. h3 Na5 10. Bc2 c5 11. d4 Qc7 12. Nbd2 Nc6 13. d5 Nd8 14. a4 Rb8 15. axb5 axb5 16. b4 c4 17. Nf1 Ne8 18. N3h2 f6 19. f4 exf4 20. Bxf4 Nf7 21. Nf3 g6 22. Qd2 Ng7 23. Nd4 Bd7 24. Rac1 Ne5 25. Ne3 Rbe8 26. Bb1 Bd8 27. Re2 Qc8 28. Rf1 Nh5 29. Bh2 Rf7 30. Ref2 Ref8 31. Kh1 Ng7 32. Qd1 Bb6 33. g4 Qe8 34. Bf4 Qe7 35. Rg2 Re8 36. Re1 Ra8 37. Reg1 Ra1 38. Qe2 Ra3 39. Qb2 Ra8 40. Qe2 Ra3 41. Qb2 Ra8 42. Qe2 1/2-1/2

[Event "Yangon schev"]
[Site "Yangon"]
[Date "1999.02.01"]
[Round "2"]
[White "Zaw Win Lay"]
[Black "Sunthornpongsathorn, Veraphol"]
[Result "1/2-1/2"]
[WhiteElo "2565"]
[BlackElo "2335"]
[PlyCount "41"]
[EventDate "1999.01.??"]
[Source "www.chesslib.no"]
[SourceDate "2004.05.04"]

1. e4 e5 2. Nf3 Nc6 3. Bb5 a6 4. Ba4 Nf6 5. O-O Be7 6. Re1 b5 7. Bb3 d6 8. c3 O-O 9. h3 Na5 10. Bc2 c5 11. d4 Qc7 12. Nbd2 Nc6 13. dxc5 dxc5 14. Nh2 Be6 15. Qf3 Rad8 16. Ndf1 Rfe8 17. Ng4 Nxg4 18. hxg4 h6 19. Ng3 Bg5 20. Bxg5 hxg5 21. Qe3 1/2-1/2

[Event "Vrnjacka Banja"]
[Site "Vrnjacka Banja"]
[Date "1981.??.??"]
[Round "5"]
[White "Rajkovic, Dusan"]
[Black "Djuric, Stefan"]
[Result "1/2-1/2"]
[WhiteElo "2465"]
[BlackElo "2435"]
[PlyCount "33"]
[EventDate "1981.04.??"]
[Source "ChessBase"]

1. e4 e5 2. Nf3 Nc6 3. Bb5 a6 4. Ba4 Nf6 5. O-O Be7 6. Re1 b5 7. Bb3 d6 8. c3 O-O 9. h3 Na5 10. Bc2 c5 11. d4 Qc7 12. Nbd2 Nc6 13. dxe5 dxe5 14. Nh2 Be6 15. Ndf1 Rad8 16. Qf3 c4 17. Ne3 1/2-1/2

[Event "Luzern ol (Men)"]
[Site "Lucerne SUI"]
[Date "1982.??.??"]
[Round "13"]
[White "Sznapik, Aleksander"]
[Black "Frey Beckman, Kenneth"]
[Result "1-0"]
[WhiteElo "2440"]
[BlackElo "2460"]
[PlyCount "91"]
[EventDate "1982.10.??"]
[Source "www.chesslib.no"]
[SourceDate "2004.05.04"]

1. e4 e5 2. Nf3 Nc6 3. Bb5 a6 4. Ba4 Nf6 5. O-O Be7 6. Re1 b5 7. Bb3 d6 8. c3 O-O 9. h3 Na5 10. Bc2 c5 11. d4 Qc7 12. Nbd2 Nc6 13. d5 Nd8 14. a4 Rb8 15. Nf1 Ne8 16. g4 g6 17. Ng3 Ng7 18. Kh2 f6 19. Rg1 Nf7 20. Be3 Bd7 21. a5 c4 22. Qd2 Kh8 23. Rg2 Rg8 24. Rag1 Rbf8 25. Nh4 Qxa5 26. Nhf5 gxf5 27. exf5 Ng5 28. Qd1 e4 29. Bxe4 Nxe4 30. Nxe4 Qd8 31. Bd4 Nxf5 32. gxf5 Rxg2+ 33. Rxg2 Bxf5 34. Ng5 Qd7 35. Qh5 Bd8 36. Qh6 Qe7 37. Rg3 a5 38. Rf3 Qg7 39. Qxg7+ Kxg7 40. Rxf5 Kg6 41. Ne6 Kxf5 42. Nxf8 Ke4 43. Ne6 Be7 44. Bb6 a4 45. Ba5 f5 46. Bb4 1-0

[Event "Skopje Solidarnost 5th"]
[Site "Skopje MKD"]
[Date "1971.11.23"]
[Round "9"]
[White "Nicevski, Risto"]
[Black "Damjanovic, Mato"]
[Result "1/2-1/2"]
[WhiteElo "2410"]
[BlackElo "2490"]
[PlyCount "32"]
[EventDate "1971.11.??"]
[Source "www.chesslib.no"]
[SourceDate "2004.05.04"]

1. e4 e5 2. Nf3 Nc6 3. Bb5 a6 4. Ba4 Nf6 5. O-O Be7 6. Re1 b5 7. Bb3 d6 8. c3 O-O 9. h3 Na5 10. Bc2 c5 11. d4 Qc7 12. Nbd2 Nc6 13. dxc5 dxc5 14. Nf1 Be6 15. Ne3 Rad8 16. Qe2 Rfe8 1/2-1/2

[Event "Noviki-A"]
[Site "Budapest"]
[Date "1987.??.??"]
[Round "?"]
[White "Horvath, Jozsef"]
[Black "Lengyel, Bela"]
[Result "1/2-1/2"]
[WhiteElo "2465"]
[BlackElo "2425"]
[PlyCount "160"]
[EventDate "1987.09.??"]
[Source "ChessBase"]

1. e4 e5 2. Nf3 Nc6 3. Bb5 a6 4. Ba4 Nf6 5. O-O Be7 6. Re1 b5 7. Bb3 d6 8. c3 O-O 9. h3 Na5 10. Bc2 c5 11. d4 Qc7 12. Nbd2 Nc6 13. d5 Na5 14. b3 Bd7 15. Nf1 Nb7 16. Ng3 g6 17. Nh2 c4 18. b4 a5 19. Bh6 Rfe8 20. Qd2 axb4 21. cxb4 Ra3 22. Re3 Rea8 23. Rxa3 Rxa3 24. Qc1 Ra6 25. Ne2 Qb8 26. Nc3 Bf8 27. Be3 Qa8 28. a3 Bg7 29. g4 h5 30. f3 hxg4 31. hxg4 Nh7 32. Nf1 Bf6 33. Nd2 Qc8 34. Qf1 Bg5 35. Bxg5 Nxg5 36. Bd1 Kg7 37. Kg2 Qh8 38. Qh1 Qd8 39. Be2 Qf6 40. Qh2 Ra8 41. Rh1 Qf4 42. Qxf4 exf4 43. a4 bxa4 44. Nxc4 Rc8 45. Ra1 Bxg4 46. fxg4 f3+ 47. Bxf3 Rxc4 48. Nxa4 Rxb4 49. Nc3 Rb3 50. Rc1 Nc5 51. Bd1 Rb4 52. e5 Nd3 53. Rb1 Rxb1 54. Nxb1 Nxe5 55. Nc3 Kf6 56. Nb5 Ke7 57. Kg3 f6 58. Bc2 Ngf7 59. Nd4 Nh6 60. Nc6+ Kf7 61. Nd8+ Ke8 62. Ne6 g5 63. Bd1 Ke7 64. Be2 Nd7 65. Kf3 Nc5 66. Nd4 Kd7 67. Bb5+ Kc7 68. Be8 Nd3 69. Nb5+ Kd8 70. Nxd6 Ne5+ 71. Kg3 Ke7 72. Ne4 Kxe8 73. Nxf6+ Kf7 74. Ne4 Kg6 75. d6 Nhf7 76. Kf2 Nxg4+ 77. Ke2 Nge5 78. Nxg5 Kxg5 79. d7 Nd8 80. Ke3 Kf5 1/2-1/2

[Event "Asztalos Memorial"]
[Site "Baja"]
[Date "1971.??.??"]
[Round "4"]
[White "Zinn, Lothar"]
[Black "Lengyel, Levente"]
[Result "1/2-1/2"]
[WhiteElo "2400"]
[BlackElo "2490"]
[PlyCount "40"]
[EventDate "1971.05.??"]
[Source "www.chesslib.no"]
[SourceDate "2004.05.04"]

1. e4 e5 2. Nf3 Nc6 3. Bb5 a6 4. Ba4 Nf6 5. O-O Be7 6. Re1 b5 7. Bb3 d6 8. c3 O-O 9. h3 Na5 10. Bc2 c5 11. d4 Qc7 12. Nbd2 Nc6 13. d5 Na5 14. b3 Re8 15. Nf1 g6 16. Be3 Bd7 17. N3h2 Nb7 18. g4 h5 19. Ng3 hxg4 20. hxg4 Nh7 1/2-1/2